[Event "31. DSenEM2019 Gruppe 65+"]
[Site "Radebeul"]
[Date "2019.05.04"]
[Round "9.2"]
[White "Ackermann, Hans Werner"]
[Black "Kiefer, Gerhard"]
[Result "1-0"]
[BlackElo "2279"]
[BlackTeam "SC Emmendingen"]
[EventDate "2019.??.??"]
[PlyCount "0"]
[WhiteElo "2237"]
[WhiteTeam "SC Hansa Dortmund"]

1. Nf3 d5 2. g3 c6 3. Bg2 Bg4 4. c4 Nf6 5. Qb3 Qb6 6. d3 e6 7. Be3 Qa6 8. O-O
Nbd7 9. cxd5 exd5 10. h3 Bxf3 11. Bxf3 Bd6 12. Na3 O-O 13. Nc2 Rfe8 14. a4 Bc5
15. Bxc5 Nxc5 16. Qa2 Qb6 17. b4 Ne6 18. a5 Qc7 19. h4 Qe5 20. a6 b6 21. Rac1
Rac8 22. Qa4 c5 23. bxc5 bxc5 24. e4 dxe4 25. dxe4 c4 26. Ne3 Nd4 27. Bd1 c3
28. Nc4 Qxe4 29. Rxc3 Ne2+ 30. Bxe2 Qxe2 31. Rfc1 Rcd8 32. Qc2 Qg4 33. Ne3 Qe6
34. Rc6 Rd6 35. Rxd6 Qxd6 36. Qc6 Qd2 37. Rd1 Qe2 38. Rd6 Rb8 39. Qb7 Re8 40.
Qc6 Rb8 41. Kg2 h6 42. Qf3 Qxf3+ 43. Kxf3 Rc8 44. g4 Kf8 45. Nf5 Rc3+ 46. Kg2
Rc8 47. f3 Ne8 48. Rd7 Nc7 49. Nd6  1-0

[Event "31. DSenEM2019 Gruppe 65+"]
[Site "Radebeul"]
[Date "2019.05.04"]
[Round "9.3"]
[White "Juhnke, Juergen"]
[Black "Prüfer, Friedbert"]
[Result "0-1"]
[BlackElo "2196"]
[BlackTeam "TSG Taucha"]
[EventDate "2019.??.??"]
[PlyCount "0"]
[WhiteElo "2230"]
[WhiteTeam "HSK Lister Turm"]

1. e4 d6 2. d4 Nf6 3. Nc3 g6 4. f4 Bg7 5. Nf3 O-O 6. Be3 b6 7. Qd2 Bb7 8. e5 Ng4
9. O-O-O c5 10. dxc5 bxc5 11. Bxc5 Qc7 12. Bg1 dxe5 13. h3 e4 14. Nd5 Bxd5 15.
Qxd5 Nf6 16. Qe5 Qb7 17. Nd4 Nh5 18. Qg5 Nc6 19. Qb5 Qxb5 20. Bxb5 Nxd4 21.
Bxd4 Nxf4 22. Bxg7 Kxg7 23. Bc6 Rad8 24. Rde1 f5 25. g3 Ne6 26. Rd1 Nd4  0-1

[Event "31. DSenEM2019 Gruppe 65+"]
[Site "Radebeul"]
[Date "2019.05.04"]
[Round "9.4"]
[White "Hülsmann, Josef"]
[Black "Rahls, Peter"]
[Result "1-0"]
[BlackElo "2193"]
[BlackTeam "SK Zehlendorf"]
[EventDate "2019.??.??"]
[PlyCount "0"]
[WhiteElo "2215"]
[WhiteTeam "Langenfelder SF"]

1. d4 c5 2. c3 e6 3. Nf3 Nf6 4. e3 b6 5. Nbd2 Bb7 6. Bd3 Be7 7. O-O O-O 8. Qe2
d5 9. dxc5 bxc5 10. e4 dxe4 11. Nxe4 Nxe4 12. Bxe4 Bxe4 13. Qxe4 Nd7 14. Rd1
Qc8 15. Bf4 Nf6 16. Qe2 Qb7 17. c4 Rfd8 18. Ne5 Rd4 19. Be3 Qe4 20. Nf3 Rad8
21. Re1 Rd3 22. h3 h6 23. Nd2 Qe5 24. Nb3 Qc7 25. Red1 Rxd1+ 26. Rxd1 Rxd1+ 27.
Qxd1 Qe5 28. Qe2 Qe4 29. Nd2 Qc2 30. Qf3 Qxb2 31. Qa8+ Kh7 32. Qxa7 Qa1+ 33.
Kh2 Bd6+ 34. g3 Kg6 35. a4 Nh5 36. Ne4 Be5 37. Qd7 Qa2 38. Qd3 f5 39. Nd2 Qxa4
40. Nf3 Bc7 41. Bxc5 Qc6 42. Bd4 Nf6 43. Ne5+ Bxe5 44. Bxe5 Nd7 45. Bc3 e5 46.
Bb4 Nf6 47. Be7 Ne4 48. f3 Nf6 49. g4 e4 50. gxf5+ Kf7 51. Qd8 Ne8 52. Ba3 Kg8
53. fxe4 Kh7 54. Qd3 Qc7+ 55. Kg2 Nf6 56. Bd6 Qb7 57. Kf3 Qb2 58. e5 Nh5 59.
f6+ g6 60. f7 Qb7+ 61. Qd5 Qb2 62. f8=Q  1-0

[Event "31. DSenEM2019 Gruppe 65+"]
[Site "Radebeul"]
[Date "2019.05.04"]
[Round "9.5"]
[White "Szenetra, Werner"]
[Black "Schmidt, Bodo"]
[Result "1-0"]
[BlackElo "2313"]
[BlackTeam "SC Siegburg"]
[EventDate "2019.??.??"]
[PlyCount "0"]
[WhiteElo "2177"]
[WhiteTeam "SV Berenbostel"]

1. Nf3 d5 2. g3 Nf6 3. Bg2 e6 4. d3 Be7 5. O-O c5 6. Nbd2 Nc6 7. e4 O-O 8. e5
Nd7 9. Re1 Qc7 10. Qe2 b5 11. h4 Bb7 12. Nf1 Rfc8 13. Bf4 Nb6 14. N1h2 c4 15.
d4 b4 16. h5 a5 17. Qe3 Na4 18. Rab1 Ba6 19. Ng4 Qb6 20. Bg5 Qd8 21. Bxe7 Qxe7
22. h6 g6 23. Nf6+ Kh8 24. Ng5 Qa7 25. Qf4 Nxd4 26. Qxd4  1-0

[Event "31. DSenEM2019 Gruppe 65+"]
[Site "Radebeul"]
[Date "2019.05.04"]
[Round "9.6"]
[White "Werner, Clemens"]
[Black "Braun, Gottfried"]
[Result "1-0"]
[BlackElo "2181"]
[BlackTeam "SG Leipzig"]
[EventDate "2019.??.??"]
[PlyCount "0"]
[WhiteElo "2292"]
[WhiteTeam "SK Ettlingen"]

1. e4 d6 2. d4 Nf6 3. Nc3 e5 4. Nf3 exd4 5. Nxd4 Be7 6. g3 Nc6 7. Bg2 Nxd4 8.
Qxd4 O-O 9. O-O Be6 10. Bf4 Re8 11. Rad1 Nd7 12. Nd5 Bf8 13. c4 f6 14. Bc1 Bf7
15. b3 Bh5 16. Rd2 Ne5 17. f4 Nd7 18. Kh1 Bg6 19. Nc3 c6 20. Re1 Qa5 21. Bb2
Rad8 22. a3 Qb6 23. Qxb6 Nxb6 24. g4 a5 25. Red1 Ra8 26. a4 Nd7 27. Ba3 Ra6 28.
Bxd6 Bxd6 29. Rxd6 Nc5 30. f5 Bf7 31. Rb1 Rb6 32. Nb5 Kf8 33. b4 axb4 34. Nc7
Nxa4 35. Nxe8 Bxe8 36. e5 fxe5 37. Re1 b3 38. Rxe5 b2 39. Be4 b1=Q+ 40. Bxb1
Rxb1+ 41. Kg2 Kf7 42. Rd8 Kf6 43. Rdxe8 Kg5 44. f6+ { Werner, Clemens-Braun,
Gottfried, Dr. Radebeul (9.6), 31. DSenEM2019 Gruppe 65+, 2019.05.04}   1-0

[Event "31. DSenEM2019 Gruppe 65+"]
[Site "Radebeul"]
[Date "2019.05.04"]
[Round "9.7"]
[White "Schmidt, Gerhard"]
[Black "Khanukov, Boris"]
[Result "0-1"]
[BlackElo "2250"]
[BlackTeam "Bahn-SC Wuppertal"]
[EventDate "2019.??.??"]
[PlyCount "0"]
[WhiteElo "2172"]
[WhiteTeam "SC Unterhaching"]

1. d4 Nf6 2. Nf3 e6 3. c4 c5 4. e3 d5 5. Nc3 Nc6 6. a3 cxd4 7. exd4 Be7 8. Bd3
b6 9. cxd5 Nxd5 10. Bb5 Bb7 11. Ne5 Rc8 12. Qf3 O-O 13. Nxd5 Qxd5 14. Qxd5 exd5
15. Nxc6 Bxc6 16. Ba6 Rce8 17. O-O b5 18. Bf4 g5 19. Rac1 gxf4 20. Rxc6 Rb8 21.
Re1 Rfe8 22. Kf1 Kf8 23. Re5 b4 24. a4 b3 25. Rxd5 Bb4 26. Rc1 Re6 27. Bb5 a6
28. Bd7 Re7 29. Bf5 Rbe8 30. f3 Re1+ 31. Rxe1 Rxe1+ 32. Kf2 Rd1 33. Re5 h6 34.
g3 Rxd4 35. gxf4 Bd6 36. Re4 Rd5 37. Bc8 a5 38. Ba6 f5 39. Re2 Rd4 40. Bb5 Bxf4
41. Kg2 Kf7 42. Bc6 Kf6 43. Bb5 Bc1 44. Bc6 h5 45. Bb5 Bf4 46. Bc6 h4 47. Bb5
Bc1 48. Bc6 Kg5 49. h3 Kf4 50. Kf2 Rd3 51. Kg2 Be3 52. Bb5 Rd4 53. Be8 Rd1 54.
Bf7 Rg1+ 55. Kh2 Rg7 56. Bd5 Rg6 57. Bxb3 Kxf3 58. Rc2 Rd6 59. Rg2 Bf4+ 60. Kh1
Bg3 61. Bf7 Rd1+ 62. Rg1 Rd2 63. Rg2 Bf2 64. b3 Rd1+  0-1

[Event "31. DSenEM2019 Gruppe 65+"]
[Site "Radebeul"]
[Date "2019.05.04"]
[Round "9.8"]
[White "Postler, Reinhard"]
[Black "Kannenberg, Karl-Heinz"]
[Result "1/2-1/2"]
[BlackElo "2169"]
[BlackTeam "SC Kitzingen"]
[EventDate "2019.??.??"]
[PlyCount "0"]
[WhiteElo "2247"]
[WhiteTeam "TSG Oberschöneweide"]

1. e4 c6 2. d4 d5 3. Nc3 dxe4 4. Nxe4 Bf5 5. Ng3 Bg6 6. Bc4 e6 7. N1e2 Bd6 8.
Nf4 Qh4 9. Ngh5 Bxh5 10. Nxh5 Nf6 11. Nxf6+ gxf6 12. Be3 Nd7 13. Qf3 f5 14.
O-O-O Nf6 15. h3 Qe4 16. Qxe4 fxe4 17. g4 Nd5 18. Bd2 f5 19. Rde1 Kd7 20. Be2
Rag8 21. c4 Nf4 22. Bxf4  1/2-1/2

[Event "31. DSenEM2019 Gruppe 65+"]
[Site "Radebeul"]
[Date "2019.05.04"]
[Round "9.9"]
[White "Hess, Christian Mathias"]
[Black "Böhm, Erwin"]
[Result "1-0"]
[BlackElo "2155"]
[BlackTeam "SV Dresden-Leuben"]
[EventDate "2019.??.??"]
[PlyCount "0"]
[WhiteElo "2246"]
[WhiteTeam "FC ST.Pauli"]

1. Nf3 g6 2. d4 Bg7 3. c4 d6 4. Nc3 c6 5. e4 Bg4 6. Be2 Bxf3 7. Bxf3 Qb6 8. Be3
Qxb2 9. Rc1 Nd7 10. O-O Qb6 11. Rb1 Qc7 12. Qb3 Rb8 13. Qa3 a6 14. Be2 e5 15.
dxe5 dxe5 16. f4 exf4 17. Bxf4 Be5 18. Bxe5 Qxe5 19. Rf2 Ngf6 20. Rbf1 Qe7 21.
Qxe7+ Kxe7 22. e5 Ne8 23. Rxf7+  1-0

[Event "31. DSenEM2019 Gruppe 65+"]
[Site "Radebeul"]
[Date "2019.05.04"]
[Round "9.10"]
[White "Syré, Christian"]
[Black "Beilfuss, Wilfried"]
[Result "0-1"]
[BlackElo "2148"]
[EventDate "2019.??.??"]
[PlyCount "0"]
[WhiteElo "2210"]
[WhiteTeam "TSG Oberschöneweide"]

1. d4 Nf6 2. Nf3 e6 3. Bg5 h6 4. Bxf6 Qxf6 5. e4 d6 6. Nc3 g6 7. Qd2 Qe7 8.
O-O-O Bg7 9. Kb1 a6 10. e5 d5 11. Bd3 c5 12. dxc5 Qxc5 13. Ne4 dxe4 14. Bxe4
O-O 15. Rhe1 Nc6 16. Bxc6 bxc6 17. Re4 Qe7 18. Rh4 Ra7 19. Rd4 c5 20. Rd6 Rc7
21. Qe3 Bb7 22. Ne1 Rfc8 23. c4 Bf8 24. f4 Qe8 25. Nd3 Bxg2 26. Rg1 Bb7 27. h4
h5 28. Qe2 Rd7 29. Rxd7 Qxd7 30. f5 Qd4  0-1

[Event "31. DSenEM2019 Gruppe 65+"]
[Site "Radebeul"]
[Date "2019.05.04"]
[Round "9.11"]
[White "Herbrechtsmeier, Christof"]
[Black "Neumann, Joachim"]
[Result "1/2-1/2"]
[Annotator "lenovo"]
[BlackElo "2116"]
[BlackTeam "SC Agon Neumünster"]
[EventDate "2019.??.??"]
[PlyCount "45"]
[WhiteElo "2204"]
[WhiteTeam "SC Emmendingen"]

1. e4 c5 2. Nf3 Nc6 3. d4 cxd4 4. Nxd4 Nf6 5. Nc3 e5 6. Ndb5 d6 7. Bg5 a6 8.
Bxf6 gxf6 9. Na3 b5 10. Nd5 Bg7 11. g3 Ne7 12. Bg2 Be6 13. Nxe7 Qxe7 14. c3 O-O
15. Nc2 Rfd8 16. O-O Rac8 17. Ne3 Kh8 18. Qh5 Qf8 19. Qh4 Rc5 20. Rfd1 a5 21.
a3 Qe7 22. Rd2 Rd7 23. Qh5 { ( = )}   1/2-1/2

[Event "31. DSenEM2019 Gruppe 65+"]
[Site "Radebeul"]
[Date "2019.05.04"]
[Round "9.12"]
[White "Essegern, Kurt"]
[Black "Kierzek, Matthias"]
[Result "1/2-1/2"]
[Annotator "lenovo"]
[BlackElo "2196"]
[BlackTeam "SC Fulda"]
[EventDate "2019.??.??"]
[PlyCount "45"]
[WhiteElo "2116"]
[WhiteTeam "Bad Salzungen"]

1. e4 c6 2. d4 d5 3. Nc3 dxe4 4. Nxe4 Bf5 5. Ng3 Bg6 6. N1e2 Nf6 7. Nf4 Nbd7 8.
Bc4 e5 9. Nxg6 hxg6 10. dxe5 Qa5+ 11. Bd2 Qxe5+ 12. Qe2 Bc5 13. f4 Qxe2+ 14.
Bxe2 O-O-O 15. O-O-O Nb6 16. f5 Nbd5 17. fxg6 fxg6 18. Bd3 Ne3 19. Bxe3 Bxe3+
20. Kb1 Ng4 21. Bxg6 Rxd1+ 22. Rxd1 Nxh2 23. Nf1 { ( = )}   1/2-1/2

[Event "31. DSenEM2019 Gruppe 65+"]
[Site "Radebeul"]
[Date "2019.05.04"]
[Round "9.13"]
[White "Baum, Bernd"]
[Black "Villing, Dieter"]
[Result "1/2-1/2"]
[Annotator "lenovo"]
[BlackElo "2100"]
[BlackTeam "SK Ludwigshafen"]
[EventDate "2019.??.??"]
[PlyCount "67"]
[WhiteElo "2183"]
[WhiteTeam "SC Fulda"]

1. Nf3 d6 2. e4 Nf6 3. Nc3 c6 4. d4 Bg4 5. h3 Bh5 6. Bd3 e6 7. g4 Bg6 8. g5 Nfd7
9. Nh4 d5 10. Nxg6 hxg6 11. Qg4 Na6 12. exd5 exd5 13. a3 Bd6 14. O-O Qc7 15.
Re1+ Kf8 16. Bd2 Re8 17. Bxg6 fxg6 18. Qf3+ Nf6 19. gxf6 Qf7 20. Rxe8+ Qxe8 21.
Re1 Qd7 22. fxg7+ Kxg7 23. Qg4 Qxg4+ 24. hxg4 Nc7 25. Ne2 Ne6 26. c3 Rh4 27. f3
Rh3 28. Rf1 g5 29. Kf2 Rh2+ 30. Ke1 Kg6 31. Kd1 a5 32. a4 b5 33. axb5 cxb5 34.
f4 { ( = )}   1/2-1/2

[Event "31. DSenEM2019 Gruppe 65+"]
[Site "Radebeul"]
[Date "2019.05.04"]
[Round "9.14"]
[White "Jacob, Helmut"]
[Black "Schulz, Michael"]
[Result "1-0"]
[BlackElo "2183"]
[BlackTeam "SC Zitadelle Spandau"]
[EventDate "2019.??.??"]
[PlyCount "149"]
[WhiteElo "2107"]
[WhiteTeam "SK Ochtrup"]

1. e4 g6 2. d4 Bg7 3. Nc3 c5 4. d5 d6 5. Nge2 a6 6. a4 Nf6 7. h3 O-O 8. g4 e6 9.
Bg2 exd5 10. exd5 h5 11. g5 Nfd7 12. h4 Ne5 13. O-O Bg4 14. f3 Bf5 15. Ng3 Nbd7
16. Nxf5 gxf5 17. Bh3 Ng6 18. f4 Bd4+ 19. Kh1 Bxc3 20. bxc3 Qa5 21. Bxf5 Nxh4
22. Bxd7 Qxc3 23. Ra3 Qb4 24. Qe1 Qc4 25. Bh3 Qxd5+ 26. Kh2 Ng6 27. Bg2 Qc4 28.
Qe4 Qxe4 29. Bxe4 Rab8 30. Rd3 Rfd8 31. Rfd1 Re8 32. Bf3 b5 33. axb5 axb5 34.
Rxd6 b4 35. Bxh5 b3 36. cxb3 Rxb3 37. Rd8 Rxd8 38. Rxd8+ Kh7 39. Rd1 Rc3 40.
Rf1 c4 41. Bf3 Kg8 42. Be4 Nf8 43. Bf5 Ng6 44. Bd2 Rb3 45. Rc1 Nh4 46. Bc2 Nf3+
47. Kg2 Nxd2 48. Bxb3 cxb3 49. Rc8+ Kg7 50. Rb8 f6 51. gxf6+ Kxf6 52. Rb5 Ke6
53. Kh3 Kd6 54. f5 Kc6 55. Rb8 Kc5 56. Kg4 Kc4 57. f6 Ne4 58. f7 Nf6+ 59. Kf5
Nd7 60. Ke6 Nxb8 61. f8=Q b2 62. Qxb8 Kc3 63. Qc7+ Kd2 64. Qb6 Kc2 65. Qc5+ Kd2
66. Qb4+ Kc2 67. Qc4+ Kd2 68. Qb3 Kc1 69. Qc3+ Kb1 70. Kd5 Ka2 71. Qc2 Ka1 72.
Qa4+ Kb1 73. Kc4 Kc1 74. Qa3 Kc2 75. Qc3+  1-0

[Event "31. DSenEM2019 Gruppe 65+"]
[Site "Radebeul"]
[Date "2019.05.04"]
[Round "9.15"]
[White "Hanisch, Friedrich"]
[Black "Rosen, Willy"]
[Result "1-0"]
[BlackElo "2178"]
[BlackTeam "SF Essen-Katernberg"]
[EventDate "2019.??.??"]
[PlyCount "73"]
[WhiteElo "2095"]
[WhiteTeam "SV Altensittenbach"]

1. Nf3 c5 2. c4 Nc6 3. Nc3 g6 4. g3 Bg7 5. Bg2 e5 6. d3 Nge7 7. O-O d6 8. Ne1
Be6 9. Nc2 d5 10. cxd5 Nxd5 11. Ne3 Nde7 12. Ne4 b6 13. Ng5 Bc8 14. Ne4 O-O 15.
Nc3 Be6 16. a3 Rc8 17. Rb1 Nd4 18. Nc4 b5 19. Nd2 Qd7 20. b3 h6 21. Bb2 a5 22.
a4 b4 23. Na2 Nxb3 24. Nxb3 Qxa4 25. Nac1 Qb5 26. Nd2 Rfd8 27. Ra1 c4 28. Nxc4
Bxc4 29. dxc4 Qxc4 30. Qb3 Rd2 31. Qxc4 Rxc4 32. Nd3 Rxe2 33. Rxa5 e4 34. Bxg7
exd3 35. Bxh6 Nf5 36. Bg5 f6 37. Bd5+  1-0

[Event "31. DSenEM2019 Gruppe 65+"]
[Site "Radebeul"]
[Date "2019.05.04"]
[Round "9.16"]
[White "Kreutzkamp, Hans-Rudolf"]
[Black "Schumacher, Gottfried"]
[Result "0-1"]
[BlackElo "2202"]
[BlackTeam "HTC Bad Neuenahr"]
[EventDate "2019.??.??"]
[PlyCount "84"]
[WhiteElo "2068"]
[WhiteTeam "SK Union Eimsbuettel"]

1. e4 e6 2. d4 d5 3. exd5 exd5 4. Bd3 c5 5. dxc5 Bxc5 6. Ne2 Nf6 7. O-O O-O 8.
Nd2 Bg4 9. Kh1 Bh5 10. f3 Bg6 11. Nb3 Bb6 12. Bg5 Nc6 13. Bxg6 hxg6 14. c3 Re8
15. Nbd4 Ne5 16. b3 Qd6 17. Qd2 a6 18. Rad1 Rad8 19. Rfe1 Rd7 20. Nc2 Bf2 21.
Rf1 Ba7 22. Ned4 Bb8 23. g3 Nh5 24. Rde1 Rc8 25. g4 Nf6 26. Bf4 Re7 27. Re3
Nfd7 28. Rfe1 Rce8 29. Qe2 Qc5 30. Qd2 Kh7 31. Bg3 Ba7 32. R1e2 Nxf3 33. Rxf3
Rxe2 34. Qg5 Ne5 35. Bxe5 R2xe5 36. Qh4+ Kg8 37. Rh3 f6 38. Qh7+ Kf7 39. Rf3
Qc8 40. g5 Rxg5 41. Qh4 Rg4 42. Rxf6+ Kg8  0-1

[Event "31. DSenEM2019 Gruppe 65+"]
[Site "Radebeul"]
[Date "2019.05.04"]
[Round "9.17"]
[White "Partenheimer, Axel"]
[Black "Selig, Rainer"]
[Result "1/2-1/2"]
[BlackElo "2048"]
[BlackTeam "SpV Ebersbach/SA"]
[EventDate "2019.??.??"]
[PlyCount "43"]
[WhiteElo "2182"]
[WhiteTeam "Düsseldorfer SK"]

1. Nf3 c5 2. c4 Nc6 3. Nc3 e5 4. e3 d6 5. Be2 Bg4 6. O-O Nge7 7. h3 Bd7 8. b3 g6
9. Bb2 Bg7 10. d3 O-O 11. Qd2 Nf5 12. Rfe1 Re8 13. Bf1 Be6 14. Ne2 Nh4 15. Nxh4
Qxh4 16. Nc3 f5 17. Nb5 Qe7 18. d4 Bf7 19. dxc5 dxc5 20. Rad1 Red8 21. Qc1 Rac8
22. Nc3  1/2-1/2

[Event "31. DSenEM2019 Gruppe 65+"]
[Site "Radebeul"]
[Date "2019.05.04"]
[Round "9.18"]
[White "Knaak, Joachim"]
[Black "Vasiljev, Jurij"]
[Result "1-0"]
[BlackElo "2042"]
[BlackTeam "SF Moers"]
[EventDate "2019.??.??"]
[PlyCount "109"]
[WhiteElo "2139"]
[WhiteTeam "SV Dresden-Leuben"]

1. d4 d5 2. c4 c6 3. Nf3 Nf6 4. e3 g6 5. Nc3 Bg7 6. Bd3 O-O 7. Qc2 dxc4 8. Bxc4
b5 9. Bd3 Bb7 10. O-O Nbd7 11. e4 e5 12. dxe5 Ng4 13. Bg5 Qe8 14. Be2 Ngxe5 15.
Rad1 Nxf3+ 16. Bxf3 Ne5 17. Be2 Qe6 18. h3 a6 19. Be3 Qe7 20. Rd2 Rfd8 21. Rfd1
g5 22. Bb6 Rxd2 23. Qxd2 Re8 24. Bd8 Qe6 25. Bxg5 b4 26. Na4 Qxa2 27. Nc5 Bc8
28. Qxb4 Ng6 29. Bc1 Bf8 30. Bc4 Qb1 31. Qb3 Ne5 32. Be3 Qxd1+ 33. Qxd1 Nxc4
34. Qe2 Nxe3 35. Qxe3 Bg7 36. b4 Rd8 37. Qg3 Be6 38. Nxe6 fxe6 39. Qc7 Rd1+ 40.
Kh2 Rd2 41. Qb8+ Bf8 42. Qg3+ Bg7 43. f4 Rd4 44. f5 exf5 45. exf5 Kf7 46. Qc7+
Kf6 47. Qxc6+ Kxf5 48. Qc2+ Ke6 49. Qxh7 Be5+ 50. Kg1 Kd5 51. Qb7+ Kc4 52.
Qxa6+ Kxb4 53. g4 Rd2 54. g5 Bd4+ 55. Kh1  1-0

[Event "31. DSenEM2019 Gruppe 65+"]
[Site "Radebeul"]
[Date "2019.05.04"]
[Round "9.21"]
[White "Sand, Rolf"]
[Black "Krüger, Erich"]
[Result "0-1"]
[BlackElo "2113"]
[BlackTeam "SF Essen-Katernberg"]
[EventDate "2019.??.??"]
[PlyCount "56"]
[WhiteElo "2024"]
[WhiteTeam "SF Pfullingen"]

1. d4 Nf6 2. c4 g6 3. g3 Bg7 4. Bg2 O-O 5. Nc3 d6 6. Nf3 c6 7. O-O Qa5 8. e4 Bg4
9. h3 Bxf3 10. Bxf3 Nbd7 11. Kh1 Qb4 12. Be2 e5 13. a3 Qb6 14. Be3 Qc7 15. d5
Ne8 16. Qd2 f5 17. f3 c5 18. b4 f4 19. Bf2 fxg3 20. Bxg3 Qd8 21. f4 Bh6 22. Bg4
Nef6 23. Bxd7 Nxd7 24. Ne2 Qe7 25. Qc2 Rac8 26. fxe5 Nxe5 27. Rxf8+ Rxf8 28.
Rf1 Be3  0-1

[Event "31. DSenEM2019 Gruppe 65+"]
[Site "Radebeul"]
[Date "2019.05.04"]
[Round "9.22"]
[White "Glasewald, Stefan"]
[Black "Leiber, Bernard"]
[Result "0-1"]
[Annotator "lenovo"]
[BlackElo "2110"]
[BlackTeam "SV Osnabrück"]
[EventDate "2019.??.??"]
[PlyCount "82"]
[WhiteElo "2018"]
[WhiteTeam "SV Dresden-Striesen"]

1. d4 Nf6 2. Nc3 d5 3. Bg5 Bf5 4. f3 Nbd7 5. e3 h6 6. Bh4 e6 7. Bd3 g5 8. Bf2
Nb6 9. Nge2 c6 10. a3 Nc4 11. Bxf5 exf5 12. Qc1 { ( = )}  12... Qd7 13. b3 Nd6
14. Na4 Bg7 15. Nc5 Qe7 16. O-O O-O 17. Re1 Rfe8 18. Qd2 b6 19. Nd3 Nd7 20. a4
Rac8 21. Rad1 Nf8 22. Ng3 Ng6 23. Re2 Qe6 24. Rde1 Red8 25. Nh5 Bh8 26. Bg3 c5
27. h4 c4 28. Nc1 Qd7 29. hxg5 hxg5 30. Kf2 b5 31. a5 a6 32. Rh1 Re8 33. Bxd6
Qxd6 34. Ng3 Qf6 35. c3 b4 36. cxb4 f4 37. Nh5 fxe3+ 38. Rxe3 Qxd4 39. Ke2
Rxe3+ 40. Qxe3 Qb2+ 41. Kf1 Bd4  0-1

[Event "31. DSenEM2019 Gruppe 65+"]
[Site "Radebeul"]
[Date "2019.05.04"]
[Round "9.23"]
[White "Hassenrück, Helmut"]
[Black "Kracht, Helmut"]
[Result "1-0"]
[BlackElo "1989"]
[BlackTeam "SK Kaltenkirchen"]
[EventDate "2019.??.??"]
[PlyCount "103"]
[WhiteElo "2199"]
[WhiteTeam "SG-Gladbeck"]

1. d4 g6 2. e4 c6 3. Nc3 Bg7 4. h3 d5 5. Nf3 Nf6 6. Bd3 dxe4 7. Nxe4 O-O 8. O-O
Nbd7 9. Nxf6+ Nxf6 10. Re1 Re8 11. Bf4 Qb6 12. b3 c5 13. Be5 Bd7 14. Qe2 Bc6
15. dxc5 Qxc5 16. c4 Rad8 17. Rad1 Rd7 18. Bc3 Bxf3 19. Qxf3 Qa3 20. Bb1 Red8
21. Rxd7 Rxd7 22. Qf4 Qd6 23. Qxd6 exd6 24. Rd1 Ne8 25. Bxg7 Kxg7 26. Be4 Kf6
27. c5 Ke7 28. c6 bxc6 29. Bxc6 Rd8 30. Re1+ Kf8 31. Bxe8 Rxe8 32. Rxe8+ Kxe8
33. Kf1 Kd7 34. Ke2 Kc6 35. Kd3 Kc5 36. a3 f6 37. f4 f5 38. g3 h6 39. Kc3 Kd5
40. b4 Ke4 41. a4 Kf3 42. b5 Kxg3 43. a5 Kxh3 44. b6 axb6 45. axb6 Kg4 46. b7
Kxf4 47. b8=Q g5 48. Qxd6+ Kg4 49. Qh2 f4 50. Kd3 h5 51. Qg2+ Kf5 52. Qh3+  1-0

[Event "31. DSenEM2019 Gruppe 65+"]
[Site "Radebeul"]
[Date "2019.05.04"]
[Round "9.24"]
[White "Falk, Thomas"]
[Black "Schmidt, Jörg"]
[Result "1-0"]
[BlackElo "2016"]
[BlackTeam "Aufbau Bernburg"]
[EventDate "2019.??.??"]
[PlyCount "65"]
[WhiteElo "2135"]
[WhiteTeam "SV Oberursel"]

1. Nf3 c5 2. c4 Nc6 3. d4 cxd4 4. Nxd4 Nf6 5. Nc3 g6 6. e4 d6 7. Be2 Bg7 8. Be3
O-O 9. O-O Bd7 10. Qd2 Nxd4 11. Bxd4 Bc6 12. f3 a5 13. b3 Nd7 14. Be3 Re8 15.
Rab1 Nc5 16. Rfc1 Qd7 17. Rc2 Reb8 18. Bf1 Qe8 19. a3 Qd8 20. b4 Ne6 21. g3
axb4 22. axb4 Ra3 23. Bh3 Rba8 24. Nd5 Bxd5 25. cxd5 Rxe3 26. dxe6 Rxf3 27.
exf7+ Kf8 28. Rbc1 e6 29. Bxe6 Qb6+ 30. Kg2 Rfa3 31. Rc8+ Rxc8 32. Rxc8+ Ke7
33. Re8+  1-0

[Event "31. DSenEM2019 Gruppe 65+"]
[Site "Radebeul"]
[Date "2019.05.04"]
[Round "9.25"]
[White "Lenk, Wolfgang"]
[Black "Kahn, Peter"]
[Result "1/2-1/2"]
[BlackElo "1994"]
[BlackTeam "Siebenlehner SV"]
[EventDate "2019.??.??"]
[PlyCount "20"]
[WhiteElo "2134"]
[WhiteTeam "USV TU Dresden"]

1. e4 e6 2. d4 d5 3. Nc3 dxe4 4. Nxe4 Nd7 5. Nf3 Ngf6 6. Nxf6+ Nxf6 7. Bd3 Be7
8. O-O O-O 9. Re1 b6 10. c3 Bb7  1/2-1/2

[Event "31. DSenEM2019 Gruppe 65+"]
[Site "Radebeul"]
[Date "2019.05.04"]
[Round "9.26"]
[White "Dekan, Hans"]
[Black "Dobierzin, Olaf"]
[Result "1-0"]
[BlackElo "1992"]
[BlackTeam "SG Leipzig"]
[EventDate "2019.??.??"]
[PlyCount "169"]
[WhiteElo "2102"]
[WhiteTeam "SC Eppingen"]

1. e4 c5 2. Nf3 Nc6 3. d4 cxd4 4. Nxd4 Nf6 5. Nc3 d6 6. Bc4 Qb6 7. Nxc6 bxc6 8.
O-O e5 9. Bb3 Be7 10. Be3 Qc7 11. h3 O-O 12. f4 exf4 13. Bxf4 Be6 14. Qe2 Nd7
15. Kh2 Bf6 16. Rad1 Be5 17. Qd2 Rad8 18. g3 Nc5 19. Qe3 Qb6 20. Qe2 Bxb3 21.
axb3 Ne6 22. Be3 Qc7 23. Qf2 Rd7 24. Ra1 c5 25. Qe2 Qb7 26. Ra2 Bxc3 27. bxc3
Qxe4 28. Ra4 Qe5 29. Qd3 d5 30. Rf5 Qc7 31. Rh4 g6 32. Rxd5 Rxd5 33. Qxd5 Rd8
34. Qe4 Qd6 35. Qf3 Qe5 36. Rc4 Rd5 37. h4 Rd7 38. Bh6 Rd5 39. Re4 Qf5 40. Qxf5
Rxf5 41. Be3 Rd5 42. Kg2 Kf8 43. Ra4 Rd7 44. Kf3 f5 45. Ra6 Kf7 46. b4 Rc7 47.
Ra5 cxb4 48. cxb4 Rxc2 49. Rxa7+ Rc7 50. b5 Rxa7 51. Bxa7 Kf6 52. Be3 Ke5 53.
Ke2 Kd5 54. Kd3 h6 55. Kc3 g5 56. Kb4 f4 57. gxf4 gxf4 58. Bf2 Nc7 59. b6 Na6+
60. Kc3 Ke4 61. Kd2 Kf3 62. Ke1 Nb8 63. Kf1 Nc6 64. b7 h5 65. Bc5 Kg4 66. Be7
Kf3 67. Bf6 Nb8 68. Bd4 Nc6 69. Bf2 Nb8 70. Kg1 Nc6 71. Bc5 Ke2 72. Kg2 Nb8 73.
Bb6 Nc6 74. Ba7 Nb8 75. Kh2 Nc6 76. Bc5 f3 77. Kg3 Nb8 78. Kf4 f2 79. Bxf2 Kxf2
80. Kg5 Kf3 81. Kxh5 Kf4 82. Kg6 Nd7 83. h5 Ke5 84. Kg7 Kd6 85. h6  1-0

[Event "31. DSenEM2019 Gruppe 65+"]
[Site "Radebeul"]
[Date "2019.05.04"]
[Round "9.27"]
[White "Wurmb, Peter"]
[Black "Siegmund, Rainer"]
[Result "0-1"]
[BlackElo "2093"]
[BlackTeam "SV Dresden-Striesen"]
[EventDate "2019.??.??"]
[PlyCount "110"]
[WhiteElo "1984"]
[WhiteTeam "SK Heidenau"]

1. d4 Nf6 2. Nf3 e6 3. c4 b6 4. g3 Ba6 5. b3 Bb4+ 6. Bd2 Be7 7. Bg2 c6 8. Nc3 d5
9. cxd5 cxd5 10. Ne5 Nfd7 11. f4 Nxe5 12. fxe5 Nc6 13. Be3 Rc8 14. O-O O-O 15.
Qd2 Bb4 16. Rfc1 Ne7 17. Bg5 h6 18. Bxe7 Qxe7 19. Qe3 Ba3 20. Rc2 Qg5 21. Qxg5
hxg5 22. Kf2 Rc7 23. Ke1 Rfc8 24. Kd2 b5 25. e4 Bb7 26. exd5 Bxd5 27. Bxd5 exd5
28. Kd3 b4 29. Nxd5 Rxc2 30. Ne7+ Kf8 31. Nxc8 Rxc8 32. Rd1 Bb2 33. Ke4 g6 34.
h4 gxh4 35. gxh4 Ke7 36. Rf1 Rh8 37. Rf4 Bc3 38. d5 Rh5 39. d6+ Ke8 40. d7+
Kxd7 41. Rxf7+ Ke8 42. Rxa7 Rxe5+ 43. Kf4 Rh5 44. a3 Bf6 45. axb4 Rxh4+ 46. Kg3
Rxb4 47. Ra6 Kf7 48. Ra7+ Ke6 49. Ra6+ Kf5 50. Ra3 Bb2 51. Ra8 Rxb3+ 52. Kg2 g5
53. Ra5+ Be5 54. Ra4 Bf4 55. Ra2 Rd3  0-1